Lý thuyết kế toán (Theo hệ thống kế toán mới)
Sách trình bày những nguyên tắc cơ bản của kế toán và các phương pháp kế toán, đặc điểm qui trình công tác kế toán tại các doanh nghiệp sản xuất và lưu thông phân phố
Saved in:
| Main Author: | |
|---|---|
| Format: | Book |
| Language: | Undetermined |
| Published: |
Hà Nội
Thống Kê
1997
|
| Subjects: | |
| Tags: |
Add Tag
No Tags, Be the first to tag this record!
|
| Institutions: | Trung tâm Học liệu Trường Đại học Cần Thơ |
|---|
| LEADER | 00887nam a2200229Ia 4500 | ||
|---|---|---|---|
| 001 | CTU_15634 | ||
| 008 | 210402s9999 xx 000 0 und d | ||
| 020 | |c 21000 | ||
| 082 | |a 657.07 | ||
| 082 | |b D561 | ||
| 100 | |a Bùi, Văn Dương | ||
| 245 | 0 | |a Lý thuyết kế toán | |
| 245 | 0 | |b (Theo hệ thống kế toán mới) | |
| 245 | 0 | |c Bùi Văn Dương | |
| 260 | |a Hà Nội | ||
| 260 | |b Thống Kê | ||
| 260 | |c 1997 | ||
| 520 | |a Sách trình bày những nguyên tắc cơ bản của kế toán và các phương pháp kế toán, đặc điểm qui trình công tác kế toán tại các doanh nghiệp sản xuất và lưu thông phân phố | ||
| 650 | |a Accounting | ||
| 650 | |x Study and teaching | ||
| 904 | |i Minh, Huỳnh Mai | ||
| 980 | |a Trung tâm Học liệu Trường Đại học Cần Thơ | ||